| 000 | 00789nam a22002057a 4500 | ||
|---|---|---|---|
| 003 | UA-OsUOA | ||
| 001 | 36769 | ||
| 007 | ta | ||
| 008 | 20060215b un ||||| |||| 00| 0 ukr d | ||
| 090 | _a34 | ||
| 942 | _cSA | ||
| 040 |
_aUA-OsUOA _bukr _cUA-OsUOA _dUA-OsUOA |
||
| 245 | _aЗакон України "Про внесення змін до статті 255 Кодексу України про адміністративні правопорушення щодо порядку та умов демонстрування і розповсюдження фільмів в Україні"/ 17 січня 2006 року №3349-ІV | ||
| 300 | _aС.3 | ||
| 955 | _a0 | ||
| 041 | _aukr | ||
| 080 | _a34 | ||
| 773 | 0 | _w36767 | |
| 650 | 7 |
_a34 Право. Юриспруденція _2UDC |
|
| 999 |
_c323006 _d323006 |
||